El reto de la racionalidad: la ciencia y la tecnología frente a las culturas
Saved in:
| Hovedforfatter: | |
|---|---|
| Format: | Bog |
| Sprog: | spansk |
| Udgivet: |
París
UNESCO
1978
|
| Serier: | Hermeneia, 11
|
| Fag: | |
| Tags: |
Tilføj Tag
Ingen Tags, Vær først til at tagge denne postø!
|
MARC
| LEADER | 00000nam a2200000 a 4500 | ||
|---|---|---|---|
| 001 | UCX2708 | ||
| 003 | CL-VaPUC | ||
| 008 | 910801e19780000FR |||||||||||||||||spa|d | ||
| 082 | 0 | 4 | |a 501 |b LAD |2 21 |
| 100 | |a Ladrière, Jean |e author |9 348534 | ||
| 245 | 1 | 3 | |a El reto de la racionalidad: la ciencia y la tecnología frente a las culturas |
| 300 | |a 196 p | ||
| 942 | |c BK | ||
| 945 | |d 19910801 00:00:00 | ||
| 260 | |a París |b UNESCO |c 1978 | ||
| 650 | 0 | |a Ciencia |9 255691 | |
| 650 | 0 | |a Aspectos sociales |9 254894 | |
| 650 | 0 | |a Tecnología |9 256742 | |
| 650 | 0 | |a Filosofía de las ciencias |9 256466 | |
| 650 | 7 | |a DESARROLLO TECNOLOGICO |2 CL-VaPUC |9 259800 | |
| 583 | |a last modification |c 20121001 09:48:50 |k Rodrigo Vera | ||
| 490 | 0 | |a Hermeneia, 11 | |
| 999 | |c 223672 |d 223670 | ||
| 952 | |0 0 |1 0 |4 0 |6 501_000000000000000_LAD_1978 |7 0 |8 A |9 219695 |a BIBCUR |b BIBCUR |d 2019-11-15 |i 2883872 |o 501 LAD 1978 |p 2883872 |r 2025-04-22 |w 2019-11-15 |y BK |k BCB | ||
| 952 | |0 0 |1 0 |4 0 |6 501_000000000000000_LAD_1978 |7 0 |8 A |9 219696 |a FDOPOS |b FDOPOS |d 2019-11-15 |i 146776K |o 501 LAD 1978 |p 146776K |r 2025-01-22 |w 2019-11-15 |y BK |k MLA | ||